000 00299nam a22001337a 4500
008 171023b xxu||||| |||| 00| 0 eng d
020 _a0130576204
041 _aeng
080 _22ND
_a311
100 _a55
101 _aSTA
245 _aBASIC BUSINESS STATISTICS
_cBERENSON,M.L
942 _2udc
_cBK
999 _c35501
_d35501